000 01078nac a22002897a 4500
001 BR7000845
003 BR-BrBNA
005 20240105113407.0
008 230509b bl.|||m| |||| 00| 0 por d
040 _aBR-BrBNA
_bpor
_cBiblioteca Nacional de Agricultura
072 _aF24; F23; F26
090 _aF24 BR7000845
110 1 _aMinisterio da Agricultura, Rio de Janeiro, GB (Brasil). Equipe de Pedologia e Fertilidade do Solo
_96947
245 1 _aLevantamento de reconhecimento dos solos no noroeste do Estado do Parana [Brasil]
_bInforme preliminar
260 3 _aRio de Janeiro, GB (Brasil):
_c1970.
300 _a100 p.
490 _aBoletim Tecnico - Ministerio da Agricultura. Equipe de Pedologia e Fertilidade do Solo (Brazil)
_vno. 14
_x
500 _a20 ref.; 8 tables; Map, scale 1:70,000; Glossary p. 99-100
650 _aPERFIL DO SOLO
650 _aAPTIDAO AGRICOLA
650 _aRECONHECIMENTO DO SOLO
650 _aRECURSO DO SOLO
650 _aSOLO
650 _aPARANA
909 _a202312
_bLúcia Elande
_c55
_dLúcia Elande
942 _2AGRIS
_n0
_cMS
999 _c263479
_d263479